〈ワンピース〉キャラクターの二つ名クイズ - Statistics

General Stats
  • This quiz has been taken 401 times
  • The average score is 26 of 42
Answer Stats
キャラクター 二つ名・通称 % Correct
モンキー・D・ルフィ {麦わら}のルフィ
97%
ロロノア・ゾロ {海賊狩り}のゾロ
91%
シャンクス {赤髪}のシャンクス
88%
ナミ {泥棒猫}ナミ
86%
サンジ {黒足}のサンジ
84%
トニートニー・チョッパー {わたあめ}大好きチョッパー
84%
ジンベエ {海侠}のジンベエ
80%
ジュラキュール・ミホーク {鷹の目}のミホーク
80%
ゴール・D・ロジャー 海賊王
79%
ユースタス・キッド “{キャプテン}”キッド
79%
バギー {千両道化}のバギー
78%
エドワード・ニューゲート 白ひげ
75%
マーシャル・D・ティーチ 黒ひげ
75%
ボルサリーノ 黄猿
73%
クザン 青雉
73%
ポートガス・D・エース {火拳}のエース
72%
センゴク {仏}のセンゴク
72%
サカズキ 赤犬
72%
シャーロット・リンリン ビッグ・マム
71%
ニコ・ロビン 悪魔の子
67%
ウソップ {ゴッド}・ウソップ
66%
ボア・ハンコック 海賊女帝/蛇姫
64%
カイドウ {百獣}のカイドウ
62%
アラマキ 緑牛
62%
マルコ 不死鳥
60%
シルバーズ・レイリー 冥王
58%
カポネ・ベッジ “{ギャング}”ベッジ
57%
イッショウ 藤虎
56%
トラファルガー・ロー 死の外科医
54%
フランキー {鉄人/サイボーグ}フランキー
53%
ブルック ソウルキング
47%
モンキー・D・ガープ {ゲンコツ}のガープ
47%
バーソロミュー・くま 暴君
44%
ジュエリー・ボニー 大喰らい
43%
ドンキホーテ・ドフラミンゴ 天夜叉/ジョーカー
39%
ウルージ 怪僧
38%
スモーカー {白猟}のスモーカー
36%
スクラッチメン・アプー 海鳴り
27%
サボ 炎帝
27%
バジル・ホーキンス 魔術師
17%
X・ドレーク 赤旗
14%
ギン {鬼人}のギン
14%
No matching quizzes found
Score Distribution
Percent of People with Each Score
Percentile by Number Answered
Your Score History
You have not taken this quiz